000 01642nam a2200253 a 4500
999 _c1577
_d1577
003 AR-BaISA
005 20240306174725.0
006 aao||fr|||| 000 0
007 ta
008 240306s2007 sp ao||f |||| 000 0 spa d
020 _a9788496571600
040 _bspa
_cAR-BaISA
082 0 4 _222
_a370.982 C751
100 1 _93322
_aCucuzza, Héctor Rubén
_eaut.
245 1 0 _aYo argentino:
_bla construcción de la Nación en los libros escolares (1873-1930) /
_cHéctor Rubén Cucuzza
260 _aMadrid:
_bMiño y Dávila,
_c2007
300 _a127 p.:
_bil., graf.
504 _aBibliografía p.: 119-127
505 _tLA NACIÓN COMO PROBLEMA TEÓRICO E HISTORIOGRÁFICO:
_tCuestiones introductorias --
_tLa construcción de la nación para el "nacionalismo romántico": el inmigrante anglosajón imaginado --
_tLa construcción de la nación para el "nacionalismo oligárquico liberal": el inmigrante latino no esperado, el otro indígena negado --
_tLa construcción de la nación para el "nacionalismo patriótico conservador": la amenaza del inmigrante internacionalista --
_tLa construcción de la nación para los heterogéneos nacionalismo emergentes hacia la crisis del ´30: nacionalismo filofacista y nacionalismo popular --
_tLA CONSTRUCCIÓN DE LA NACIÓN EN LOS LIBROS DE LECTURA:
_tLa idea de patria --
_tLas fechas fundacionales --
_tLos símbolos nacionales --
_tEl panteón de los héroes --
_tLa imagen de los otros: inmigrantes, indios, mestizos
650 1 4 _9287
_aEducación
_vhistoria
_zArgentina
650 1 4 _93323
_aConstrucción social de la identidad
650 1 4 _93324
_aNación-Estado
942 _2ddc
_cLI
_e22